[Event "Lloyds Bank Masters 2nd"]
[Site "London, Cumberland Hotel"]
[Date "1978.08.26"]
[Round "4.50"]
[White "Ruessel, M"]
[Black "Aaron, Augustine A"]
[Result "0-1"]
[WhiteElo "1650"]
[BlackElo "1920"]
[PlyCount "82"]
[EventDate "1978.08.24"]
[EventType "swiss"]
[EventRounds "10"]
[EventCountry "ENG"]
[SourceTitle "BritBase"]
[Source "John Saunders"]
[SourceDate "2023.12.16"]
[SourceVersion "1"]
[SourceVersionDate "2023.12.16"]
[SourceQuality "1"]

1. d4 Nf6 2. c4 g6 3. Nc3 Bg7 4. Nf3 O-O 5. e4 d6 6. Be2 Nbd7 7. O-O e5 8. d5
Nc5 9. Qc2 a5 10. Be3 b6 11. a3 Ng4 12. Bxc5 bxc5 13. h3 Nh6 14. Qd2 f5 15. Qg5
Qe8 16. Qd2 f4 17. Nb5 Qe7 18. b4 Nf7 19. bxc5 dxc5 20. Rfd1 Nd6 21. Nxd6 cxd6
22. Rab1 g5 23. Nh2 Qf7 24. Qc3 Kh8 25. Qf3 Bf6 26. Qh5 Qxh5 27. Bxh5 Ba6 28.
Be2 Rfb8 29. Bd3 Bd8 30. f3 a4 31. Nf1 Ba5 32. Rdc1 Rb3 33. Rxb3 axb3 34. Rb1
Rb8 35. Be2 Bc3 36. Bd3 Bd4+ 37. Kh1 b2 38. Be2 Rb3 39. Nd2 Rxa3 40. Bd1 Rd3
41. Nb3 Bc3 0-1

[Event "Lloyds Bank Masters 2nd"]
[Site "London, Cumberland Hotel"]
[Date "1978.08.26"]
[Round "4.54"]
[White "Blow, Ronald"]
[Black "Yeo, Michael J"]
[Result "1/2-1/2"]
[WhiteElo "2230"]
[BlackElo "2205"]
[PlyCount "90"]
[EventDate "1978.08.24"]
[EventType "swiss"]
[EventRounds "10"]
[EventCountry "ENG"]
[SourceTitle "BritBase"]
[Source "John Saunders"]
[SourceDate "2023.12.16"]
[SourceVersion "1"]
[SourceVersionDate "2023.12.16"]
[SourceQuality "1"]

1. c4 e5 2. Nc3 Nc6 3. Nf3 f5 4. d3 Nf6 5. g3 d6 6. Bg2 Be6 7. O-O Qd7 8. Rb1
h6 9. b4 g5 10. b5 Nd8 11. Ne1 Bg7 12. Nd5 O-O 13. f4 Bxd5 14. cxd5 gxf4 15.
gxf4 Nf7 16. fxe5 Nxe5 17. Bh3 Neg4 18. Ng2 Qf7 19. Rxf5 Qg6 20. Nh4 Qe8 21. e4
Ne5 22. Qf1 Qe7 23. Rb2 Kh7 24. Rg2 Rae8 25. Rxe5 Qxe5 26. Bf5+ Kg8 27. Bxh6
Rf7 28. Be6 Rxe6 29. dxe6 Qxe6 30. Nf5 Ne8 31. Bxg7 Nxg7 32. Qf4 Qf6 33. h4 Kf8
34. Qg5 Nxf5 35. exf5 Qxg5 36. Rxg5 Rh7 37. Rg4 Kf7 38. Ra4 Kf6 39. Rxa7 b6 40.
a4 Kxf5 41. a5 bxa5 42. b6 Rxh4 43. bxc7 Rh8 44. Rxa5+ Ke6 45. Ra7 Rc8 1/2-1/2

[Event "Lloyds Bank Masters 2nd"]
[Site "London, Cumberland Hotel"]
[Date "1978.08.27"]
[Round "5.1"]
[White "Peters, Jack"]
[Black "Littlewood, Paul E"]
[Result "1/2-1/2"]
[WhiteElo "2430"]
[BlackElo "2345"]
[PlyCount "54"]
[EventDate "1978.08.24"]
[EventType "swiss"]
[EventRounds "10"]
[EventCountry "ENG"]
[SourceTitle "BritBase"]
[Source "John Saunders"]
[SourceDate "2023.12.16"]
[SourceVersion "1"]
[SourceVersionDate "2023.12.16"]
[SourceQuality "1"]

1. e4 e5 2. Nf3 d6 3. d4 exd4 4. Qxd4 Nc6 5. Bb5 Bd7 6. Bxc6 Bxc6 7. Nc3 Nf6 8.
Bg5 Be7 9. O-O-O O-O 10. Rhe1 h6 11. Bh4 Re8 12. Kb1 Nd7 13. Bxe7 Qxe7 14. Nd5
Qd8 15. Nb4 Nb8 16. Qc4 Qc8 17. Nd4 Bxe4 18. Nb5 d5 19. Nxd5 Bxd5 20. Qxd5 Rxe1
21. Rxe1 Nc6 22. a3 a6 23. Nc3 Qd8 24. Qb3 Rb8 25. Nd5 Qd6 26. g3 Qc5 27. Ne3
Nd4 1/2-1/2

[Event "Lloyds Bank Masters 2nd"]
[Site "London, Cumberland Hotel"]
[Date "1978.08.27"]
[Round "5.2"]
[White "Rantanen, Yrjo A"]
[Black "Shamkovich, Leonid A"]
[Result "0-1"]
[WhiteElo "2420"]
[BlackElo "2485"]
[PlyCount "128"]
[EventDate "1978.08.24"]
[EventType "swiss"]
[EventRounds "10"]
[EventCountry "ENG"]
[SourceTitle "BritBase"]
[Source "John Saunders"]
[SourceDate "2023.12.16"]
[SourceVersion "1"]
[SourceVersionDate "2023.12.16"]
[SourceQuality "1"]

1. e4 c5 2. Nf3 e6 3. d4 cxd4 4. Nxd4 a6 5. Nc3 Qc7 6. f4 d6 7. Bd3 Nc6 8. Nf3
Nf6 9. O-O Be7 10. Kh1 O-O 11. a3 b5 12. Qe1 Bb7 13. b4 Rac8 14. Bb2 Nh5 15.
Qd2 Bf6 16. g4 Ne7 17. gxh5 Bxc3 18. Bxc3 Qxc3 19. Qxc3 Rxc3 20. Kg1 f5 21. e5
Bxf3 22. exd6 Nd5 23. Rxf3 Rd8 24. a4 Rxd6 25. axb5 axb5 26. Ra8+ Kf7 27. Ra7+
Rc7 28. Rxc7+ Nxc7 29. Kf1 Rc6 30. Rf2 Nd5 31. Bxb5 Rxc2 32. Rxc2 Ne3+ 33. Kf2
Nxc2 34. Bc4 Nxb4 35. Kf3 Nd5 36. Be2 h6 37. h3 Ke7 38. Kg3 Kd6 39. Bd1 Kc5 40.
Bb3 Kd6 41. Bd1 Nf6 42. Kf2 Kd5 43. Bf3+ Kc4 44. Be2+ Kc5 45. Bd1 Nd5 46. Kf3
Kd4 47. Bb3 e5 48. fxe5 Kxe5 49. Bd1 Nf6 50. Kg3 f4+ 51. Kf2 Kf5 52. h4 Ke5 53.
Kg2 Nd5 54. Kf3 Ne3 55. Bb3 Nf5 56. Kg4 Nd4 57. Bc4 Ke4 58. Bf1 Ke3 59. Ba6 f3
60. Bb7 f2 61. Bg2 Ke2 62. Kf4 f1=Q+ 63. Bxf1+ Kxf1 64. Ke4 Kg2 0-1

[Event "Lloyds Bank Masters 2nd"]
[Site "London, Cumberland Hotel"]
[Date "1978.08.27"]
[Round "5.3"]
[White "Evans, Larry D"]
[Black "Tatai, Stefano"]
[Result "1/2-1/2"]
[WhiteElo "2405"]
[BlackElo "2455"]
[PlyCount "22"]
[EventDate "1978.08.24"]
[EventType "swiss"]
[EventRounds "10"]
[EventCountry "ENG"]
[SourceTitle "BritBase"]
[Source "John Saunders"]
[SourceDate "2023.12.16"]
[SourceVersion "1"]
[SourceVersionDate "2023.12.16"]
[SourceQuality "1"]

1. e4 e5 2. Nf3 Nc6 3. Bb5 a6 4. Bxc6 dxc6 5. O-O f6 6. d4 exd4 7. Nxd4 Ne7 8.
Be3 Ng6 9. Nd2 Bd6 10. Nc4 O-O 11. Qd3 Ne5 1/2-1/2

[Event "Lloyds Bank Masters 2nd"]
[Site "London, Cumberland Hotel"]
[Date "1978.08.27"]
[Round "5.4"]
[White "Van der Sterren, Paul"]
[Black "Westerinen, Heikki MJ"]
[Result "1-0"]
[WhiteElo "2400"]
[BlackElo "2450"]
[PlyCount "101"]
[EventDate "1978.08.24"]
[EventType "swiss"]
[EventRounds "10"]
[EventCountry "ENG"]
[SourceTitle "BritBase"]
[Source "John Saunders"]
[SourceDate "2023.12.16"]
[SourceVersion "1"]
[SourceVersionDate "2023.12.16"]
[SourceQuality "1"]

1. e4 e5 2. Nf3 Nc6 3. Bb5 a6 4. Ba4 d6 5. c3 f5 6. exf5 Bxf5 7. O-O Bd3 8. Re1
Be7 9. Bc2 Bxc2 10. Qxc2 Nf6 11. d4 exd4 12. cxd4 O-O 13. Nc3 d5 14. Bg5 Qd6
15. Bh4 Nh5 16. Bxe7 Nxe7 17. Ng5 Nf5 18. Re5 Qg6 19. Nxd5 Rae8 20. Rae1 Rxe5
21. Rxe5 Qxg5 22. Ne7+ Kh8 23. Rxf5 Rxf5 24. Nxf5 h6 25. g3 Qg6 26. Qc5 Qf7 27.
Ne3 Nf6 28. Qc4 Qe7 29. d5 Qe5 30. b4 Ne4 31. Kg2 Nc3 32. a3 Nb5 33. Qd3 Kg8
34. Nc4 Qf6 35. h4 Nd4 36. Qe4 Nb5 37. h5 Qf7 38. Qe5 c6 39. d6 Kf8 40. a4 Qd5+
41. Qxd5 cxd5 42. axb5 dxc4 43. bxa6 bxa6 44. Kf3 Kf7 45. Ke4 Ke6 46. Kd4 Kxd6
47. Kxc4 Kc6 48. g4 Kd6 49. f4 Kc6 50. g5 Kd6 51. Kd4 1-0

[Event "Lloyds Bank Masters 2nd"]
[Site "London, Cumberland Hotel"]
[Date "1978.08.27"]
[Round "5.5"]
[White "Silman, Jeremy D"]
[Black "Kraidman, Yair"]
[Result "0-1"]
[WhiteElo "2360"]
[BlackElo "2455"]
[PlyCount "88"]
[EventDate "1978.08.24"]
[EventType "swiss"]
[EventRounds "10"]
[EventCountry "ENG"]
[SourceTitle "BritBase"]
[Source "John Saunders"]
[SourceDate "2023.12.16"]
[SourceVersion "1"]
[SourceVersionDate "2023.12.16"]
[SourceQuality "1"]

1. e4 e5 2. Nf3 Nc6 3. Bb5 a6 4. Ba4 Nf6 5. O-O Be7 6. d4 exd4 7. Re1 b5 8. e5
Nd5 9. Bb3 Nb6 10. c3 dxc3 11. Nxc3 O-O 12. Bf4 d6 13. exd6 Bxd6 14. Bxd6 cxd6
15. Qd3 Bg4 16. Rad1 Bxf3 17. Qxf3 Qc7 18. Qg3 Na5 19. Bc2 Rae8 20. Ne4 Re6 21.
Qd3 Rfe8 22. Re3 Nac4 23. Ng5 Nxe3 24. Qxh7+ Kf8 25. Nxe6+ Rxe6 26. fxe3 Qc5
27. Kh1 Qxe3 28. h3 Qg3 29. Qh8+ Ke7 30. Qb8 Nd7 31. Qb7 Re1+ 32. Rxe1+ Qxe1+
33. Kh2 Qe5+ 34. Kh1 Qxb2 35. Bb3 Qc1+ 36. Kh2 Qf4+ 37. Kh1 Qf1+ 38. Kh2 g5 39.
Qe4+ Ne5 40. Qb7+ Kf6 41. Qc7 Qf4+ 42. Kh1 Qd2 43. Qd8+ Kg6 44. Qe8 Qe1+ 0-1

[Event "Lloyds Bank Masters 2nd"]
[Site "London, Cumberland Hotel"]
[Date "1978.08.27"]
[Round "5.6"]
[White "Franklin, Michael J"]
[Black "Flesch, Janos"]
[Result "1/2-1/2"]
[WhiteElo "2315"]
[BlackElo "2435"]
[PlyCount "36"]
[EventDate "1978.08.24"]
[EventType "swiss"]
[EventRounds "10"]
[EventCountry "ENG"]
[SourceTitle "BritBase"]
[Source "John Saunders"]
[SourceDate "2023.12.16"]
[SourceVersion "1"]
[SourceVersionDate "2023.12.16"]
[SourceQuality "1"]

1. d4 Nf6 2. Nf3 c5 3. e3 b6 4. c3 g6 5. Nbd2 Bg7 6. Be2 O-O 7. O-O Bb7 8. Re1
d6 9. Bf1 Nc6 10. a3 Rc8 11. b4 cxd4 12. cxd4 d5 13. Bb2 Ne8 14. Qb3 Nd6 15.
Ne5 e6 16. Nxc6 Bxc6 17. b5 Bb7 18. a4 Qc7 1/2-1/2

[Event "Lloyds Bank Masters 2nd"]
[Site "London, Cumberland Hotel"]
[Date "1978.08.27"]
[Round "5.7"]
[White "Rind, Bruce L"]
[Black "Haik, Aldo"]
[Result "1-0"]
[WhiteElo "2390"]
[BlackElo "2425"]
[PlyCount "67"]
[EventDate "1978.08.24"]
[EventType "swiss"]
[EventRounds "10"]
[EventCountry "ENG"]
[SourceTitle "BritBase"]
[Source "John Saunders"]
[SourceDate "2023.12.16"]
[SourceVersion "1"]
[SourceVersionDate "2023.12.16"]
[SourceQuality "1"]

1. Nf3 g6 2. g3 Bg7 3. d4 Nf6 4. Bg2 O-O 5. O-O d6 6. c4 c6 7. Nc3 Qa5 8. h3 e5
9. e4 Be6 10. d5 cxd5 11. cxd5 Bd7 12. a3 Rc8 13. Be3 b5 14. b4 Qc7 15. Rc1 Qb7
16. Nd2 Be8 17. Nb3 Nfd7 18. Na5 Qa6 19. Re1 Nb6 20. Bf1 Nc4 21. Nxb5 Bxb5 22.
Nxc4 Bxc4 23. Rxc4 Rxc4 24. Qb3 Nd7 25. Bxc4 Qb7 26. Qa4 Nb6 27. Qa6 Qc7 28.
Bb5 Qc3 29. Rc1 Qb2 30. Rc7 Rf8 31. Qxa7 Na8 32. Rd7 Qb1+ 33. Kh2 Qxe4 34. Bc6
1-0

[Event "Lloyds Bank Masters 2nd"]
[Site "London, Cumberland Hotel"]
[Date "1978.08.27"]
[Round "5.10"]
[White "Bouaziz, Slim"]
[Black "Benjamin, Joel"]
[Result "1/2-1/2"]
[WhiteElo "2365"]
[BlackElo "2300"]
[PlyCount "35"]
[EventDate "1978.08.24"]
[EventType "swiss"]
[EventRounds "10"]
[EventCountry "ENG"]
[SourceTitle "BritBase"]
[Source "John Saunders"]
[SourceDate "2023.12.16"]
[SourceVersion "1"]
[SourceVersionDate "2023.12.16"]
[SourceQuality "1"]

1. e4 c6 2. Nc3 d5 3. Nf3 dxe4 4. Nxe4 Nf6 5. Nxf6+ gxf6 6. Bc4 Qc7 7. d4 Bg4
8. h3 Bh5 9. Qe2 e6 10. g4 Bg6 11. Nh4 Nd7 12. Nxg6 hxg6 13. Be3 O-O-O 14.
O-O-O Kb8 15. Kb1 f5 16. Bg5 Rc8 17. gxf5 gxf5 18. Qf3 1/2-1/2

[Event "Lloyds Bank Masters 2nd"]
[Site "London, Cumberland Hotel"]
[Date "1978.08.27"]
[Round "5.11"]
[White "Odendahl, Steven M"]
[Black "Grossmann, W"]
[Result "0-1"]
[WhiteElo "2385"]
[BlackElo "2120"]
[PlyCount "70"]
[EventDate "1978.08.24"]
[EventType "swiss"]
[EventRounds "10"]
[EventCountry "ENG"]
[SourceTitle "BritBase"]
[Source "John Saunders"]
[SourceDate "2023.12.16"]
[SourceVersion "1"]
[SourceVersionDate "2023.12.16"]
[SourceQuality "1"]

1. d4 Nf6 2. c4 e6 3. Nc3 Bb4 4. e3 O-O 5. Bd3 c5 6. Nf3 Nc6 7. O-O Bxc3 8.
bxc3 d6 9. e4 e5 10. d5 Ne7 11. Nh4 h6 12. f4 Ng6 13. Nxg6 fxg6 14. f5 g5 15.
Qe2 Qe8 16. g4 Qa4 17. h4 gxh4 18. g5 hxg5 19. Bxg5 Kf7 20. Kf2 Rh8 21. Rg1 Bd7
22. Rh1 Qa5 23. Rxh4 Rxh4 24. Bxh4 Rh8 25. Rh1 Qxc3 26. Kf3 Qa3 27. Kg2 Nh5 28.
Bg5 Ng3 29. Rxh8 Nxe2 30. Bxe2 Qxa2 31. Kf1 Qb1+ 32. Kf2 Bxf5 33. Rd8 Qxe4 34.
Rxd6 Qd4+ 35. Kg2 Bg4 0-1

[Event "Lloyds Bank Masters 2nd"]
[Site "London, Cumberland Hotel"]
[Date "1978.08.27"]
[Round "5.12"]
[White "Rayner, Emmanuel"]
[Black "Lawton, Geoffrey W"]
[Result "1-0"]
[WhiteElo "2345"]
[BlackElo "2185"]
[PlyCount "45"]
[EventDate "1978.08.24"]
[EventType "swiss"]
[EventRounds "10"]
[EventCountry "ENG"]
[SourceTitle "BritBase"]
[Source "John Saunders"]
[SourceDate "2023.12.16"]
[SourceVersion "1"]
[SourceVersionDate "2023.12.16"]
[SourceQuality "1"]

1. e4 c5 2. Nf3 d6 3. d4 cxd4 4. Nxd4 Nf6 5. Nc3 a6 6. Be2 Nbd7 7. f4 g6 8. O-O
Qc7 9. g4 e6 10. g5 Ng8 11. Be3 h6 12. h4 hxg5 13. hxg5 b6 14. Kg2 Bb7 15. Bf3
Ne7 16. Ndb5 axb5 17. Nxb5 Qc6 18. Nxd6+ Kd8 19. Nxf7+ Kc7 20. Nxh8 Bg7 21. Nf7
Bxb2 22. Rb1 Rxa2 23. Rf2 1-0

[Event "Lloyds Bank Masters 2nd"]
[Site "London, Cumberland Hotel"]
[Date "1978.08.27"]
[Round "5.13"]
[White "Branford, John W"]
[Black "Hillyard, Graham D"]
[Result "1-0"]
[WhiteElo "2105"]
[BlackElo "2250"]
[PlyCount "87"]
[EventDate "1978.08.24"]
[EventType "swiss"]
[EventRounds "10"]
[EventCountry "ENG"]
[SourceTitle "BritBase"]
[Source "John Saunders"]
[SourceDate "2023.12.16"]
[SourceVersion "1"]
[SourceVersionDate "2023.12.16"]
[SourceQuality "1"]

1. e4 c6 2. d4 d5 3. Nc3 dxe4 4. Nxe4 Nd7 5. Nf3 Ngf6 6. Ng3 e6 7. Bd3 c5 8.
O-O cxd4 9. Nxd4 Bc5 10. Nb3 Be7 11. Re1 b6 12. Bf4 Bb7 13. Qe2 Nd5 14. Bd2 O-O
15. Rad1 Qc7 16. c4 N5f6 17. Bc3 Rfe8 18. Nd2 Rac8 19. b3 Bf8 20. Nde4 Nxe4 21.
Bxe4 Bxe4 22. Nxe4 Rcd8 23. Rxd7 Rxd7 24. Nf6+ Kh8 25. Nxe8 Qd8 26. Nxg7 Bxg7
27. Bxg7+ Kxg7 28. Qg4+ Kh8 29. Qf3 Kg8 30. h3 Rd2 31. Re4 Rxa2 32. Qg3+ Kf8
33. Rg4 Qd1+ 34. Kh2 Ke8 35. Qc7 Qd7 36. Rg8+ Ke7 37. Qf4 e5 38. Qxe5+ Qe6 39.
Qc7+ Kf6 40. Qf4+ Ke7 41. Qh4+ Kd6 42. Qf4+ Ke7 43. Rb8 Qd6 44. Re8+ 1-0

[Event "Lloyds Bank Masters 2nd"]
[Site "London, Cumberland Hotel"]
[Date "1978.08.26"]
[Round "5.16"]
[White "Kopec, Danny"]
[Black "Friedgood, David"]
[Result "1-0"]
[WhiteElo "2310"]
[BlackElo "2310"]
[PlyCount "53"]
[EventDate "1978.08.24"]
[EventType "swiss"]
[EventRounds "10"]
[EventCountry "ENG"]
[SourceTitle "BritBase"]
[Source "John Saunders"]
[SourceDate "2024.03.28"]
[SourceVersion "1"]
[SourceVersionDate "2024.03.28"]
[SourceQuality "1"]

1. d4 Nf6 2. Nf3 g6 3. g3 Bg7 4. Bg2 O-O 5. O-O d6 6. c4 Nc6 7. Nc3 Bg4 8. Qd3
Nd7 9. Be3 e5 10. d5 Bxf3 11. exf3 Nd4 12. b4 f5 13. f4 e4 14. Qd2 Qf6 15. Rac1
a5 16. Nb5 Nxb5 17. cxb5 axb4 18. Rxc7 Qd8 19. b6 Bc3 20. Qc2 Nc5 21. Rd1 Rf7
22. Bxc5 dxc5 23. d6 Rf6 24. Qb3+ Kh8 25. Qd5 Qg8 26. Qxb7 Rd8 27. Bf1 {
Source: Andy Ansel, 30 June 2024} 1-0

[Event "Lloyds Bank Masters 2nd"]
[Site "London, Cumberland Hotel"]
[Date "1978.08.27"]
[Round "5.20"]
[White "King, Andrew J"]
[Black "Muir, Andrew J"]
[Result "0-1"]
[WhiteElo "2065"]
[BlackElo "2110"]
[PlyCount "52"]
[EventDate "1978.08.24"]
[EventType "swiss"]
[EventRounds "10"]
[EventCountry "ENG"]
[SourceTitle "BritBase"]
[Source "John Saunders"]
[SourceDate "2023.12.16"]
[SourceVersion "1"]
[SourceVersionDate "2023.12.16"]
[SourceQuality "1"]

1. e4 c5 2. Nf3 Nc6 3. Bb5 g6 4. O-O Bg7 5. Qe2 e5 6. Bxc6 dxc6 7. d3 Ne7 8.
Be3 b6 9. Nc3 h6 10. Nd2 g5 11. Qh5 Be6 12. h4 Qd7 13. hxg5 O-O-O 14. gxh6 Rh7
15. f4 Rxh6 16. Qe2 Bg4 17. Nf3 exf4 18. Bxf4 Bd4+ 19. Be3 Rdh8 20. Kf2 Bxf3
21. Kxf3 Rf6+ 22. Bf4 Rh3+ 23. g3 Rh4 24. Rh1 Rfxf4+ 25. Kg2 Rxh1 26. Rxh1 Rf2+
0-1

[Event "Lloyds Bank Masters 2nd"]
[Site "London, Cumberland Hotel"]
[Date "1978.08.27"]
[Round "5.22"]
[White "Balinas, Rosendo Carrean"]
[Black "Berry, Stephen H"]
[Result "1-0"]
[WhiteElo "2440"]
[BlackElo "2200"]
[PlyCount "160"]
[EventDate "1978.08.24"]
[EventType "swiss"]
[EventRounds "10"]
[EventCountry "ENG"]
[SourceTitle "BritBase"]
[Source "John Saunders"]
[SourceDate "2023.12.16"]
[SourceVersion "1"]
[SourceVersionDate "2023.12.16"]
[SourceQuality "1"]

1. e4 e5 2. Nf3 Nc6 3. Bb5 a6 4. Ba4 d6 5. c3 f5 6. d4 fxe4 7. Ng5 exd4 8. Nxe4
Be7 9. Qh5+ g6 10. Qe2 d5 11. Ng5 d3 12. Qe3 Bf5 13. Ne6 Qc8 14. Nd4 Qd7 15.
Bxc6 bxc6 16. Qe5 O-O-O 17. Nxf5 gxf5 18. O-O c5 19. Be3 Re8 20. Qg3 Nf6 21.
Bh6 c4 22. Nd2 Bd6 23. Qf3 Re2 24. Nxc4 Bxh2+ 25. Kxh2 Ng4+ 26. Kg1 Re4 27. Nd2
Nxh6 28. Qxd3 Re6 29. Nf3 Rg8 30. Rfd1 Reg6 31. Ne1 Rd6 32. Qd4 Ng4 33. Qa7 Qc6
34. Rd4 Ne5 35. Rb4 Kd7 36. Qd4 a5 37. Ra4 Rg4 38. f4 Ng6 39. Nd3 Qb6 40. Qxb6
cxb6 41. Rd4 Kc7 42. Kf2 h5 43. Re1 h4 44. Re8 Kd7 45. Rg8 Kc7 46. Rg7+ Kc8 47.
Rf7 Re6 48. Rxf5 Re4 49. Rfxd5 Nxf4 50. Rxe4 Nxd3+ 51. Ke3 Rg3+ 52. Kd4 Nxb2
53. Re2 Na4 54. Rh5 Rg4+ 55. Kd3 Nc5+ 56. Kc2 Kb7 57. Rf5 Ka6 58. Rd5 Rg3 59.
Rh5 Rg4 60. Rh6 Kb5 61. Kd1 Na4 62. Ke1 Nxc3 63. Rb2+ Ka4 64. Rhxb6 Nd5 65.
R6b3 Rd4 66. Rd2 Re4+ 67. Kf2 Nb4 68. Re3 Rc4 69. Rde2 Rc1 70. Rh3 Rc4 71. Kg1
Na6 72. Kh2 Nc5 73. Rhe3 Kb4 74. Rb2+ Ka4 75. Rbe2 Kb4 76. Kh3 a4 77. Rb2+ Ka5
78. Re8 Na6 79. Rh8 Rc3+ 80. Kxh4 a3 1-0

[Event "Lloyds Bank Masters 2nd"]
[Site "London, Cumberland Hotel"]
[Date "1978.08.27"]
[Round "5.23"]
[White "Forintos, Gyozo Victor"]
[Black "Quigley, Stephen"]
[Result "1-0"]
[WhiteElo "2435"]
[BlackElo "2170"]
[PlyCount "47"]
[EventDate "1978.08.24"]
[EventType "swiss"]
[EventRounds "10"]
[EventCountry "ENG"]
[SourceTitle "BritBase"]
[Source "John Saunders"]
[SourceDate "2023.12.16"]
[SourceVersion "1"]
[SourceVersionDate "2023.12.16"]
[SourceQuality "1"]

1. d4 Nf6 2. c4 Nc6 3. Nc3 e5 4. d5 Ne7 5. g3 Ng6 6. Bg2 Bc5 7. a3 a5 8. h4 h5
9. Bg5 c6 10. e3 cxd5 11. Bxd5 Ne7 12. Bxf6 gxf6 13. Bf3 Nf5 14. Nd5 Ng7 15.
Ne2 Be7 16. Nec3 f5 17. Qc2 d6 18. Nb5 Ne6 19. O-O-O Ra6 20. Rd2 a4 21. Kb1 e4
22. Be2 Bf8 23. Nb4 Ra8 24. Rhd1 1-0

[Event "Lloyds Bank Masters 2nd"]
[Site "London, Cumberland Hotel"]
[Date "1978.08.27"]
[Round "5.24"]
[White "Nicholson, John Graham"]
[Black "Flear, Glenn C"]
[Result "0-1"]
[WhiteElo "2290"]
[BlackElo "2185"]
[PlyCount "92"]
[EventDate "1978.08.24"]
[EventType "swiss"]
[EventRounds "10"]
[EventCountry "ENG"]
[SourceTitle "BritBase"]
[Source "John Saunders"]
[SourceDate "2023.12.16"]
[SourceVersion "1"]
[SourceVersionDate "2023.12.16"]
[SourceQuality "1"]

1. e4 e5 2. Nf3 Nc6 3. Bb5 a6 4. Ba4 Nf6 5. O-O b5 6. Bb3 Bb7 7. d3 Be7 8. c4
bxc4 9. Bxc4 O-O 10. Nc3 d6 11. a3 Nd4 12. Nxd4 exd4 13. Ne2 d5 14. exd5 Bxd5
15. Bxd5 Qxd5 16. Bf4 Bd6 17. Rc1 Rfe8 18. Bxd6 Qxd6 19. Rc4 c5 20. Ng3 Rab8
21. Qc2 h5 22. h3 g6 23. Rc1 h4 24. Nf1 Nd7 25. Nh2 Re6 26. Nf3 Rbe8 27. b4 Ne5
28. Nxe5 Rxe5 29. Qd1 cxb4 30. axb4 Kg7 31. Rb1 R8e6 32. Rcc1 Qd5 33. Rc5 Qa2
34. Rxe5 Rxe5 35. Ra1 Qe6 36. Kf1 Qd6 37. Ra4 Re6 38. Kg1 Qc6 39. Ra1 Qc3 40.
Rb1 Re5 41. Kf1 Rb5 42. Rb3 Qc7 43. Qa1 Qd6 44. Ra3 Qh2 45. f3 Rxb4 46. Rxa6
Rb1+ 0-1

[Event "Lloyds Bank Masters 2nd"]
[Site "London, Cumberland Hotel"]
[Date "1978.08.27"]
[Round "5.27"]
[White "Basman, Michael John"]
[Black "James, Geoffrey H"]
[Result "1-0"]
[WhiteElo "2395"]
[BlackElo "2230"]
[PlyCount "65"]
[EventDate "1978.08.24"]
[EventType "swiss"]
[EventRounds "10"]
[EventCountry "ENG"]
[SourceTitle "BritBase"]
[Source "John Saunders"]
[SourceDate "2023.12.16"]
[SourceVersion "1"]
[SourceVersionDate "2023.12.16"]
[SourceQuality "1"]

1. e4 e5 2. Nc3 Nf6 3. d3 d5 4. exd5 Nxd5 5. g3 Be7 6. Bg2 Be6 7. Nf3 Nc6 8.
O-O O-O 9. Re1 Nxc3 10. bxc3 Bf6 11. Nd2 Qd7 12. Ba3 Rfd8 13. Be4 g6 14. Nb3
Bxb3 15. axb3 Bg7 16. Bb2 f5 17. Bg2 Re8 18. c4 h6 19. Bc3 Kh7 20. Qc1 a6 21.
Qb2 Re7 22. b4 Rae8 23. Re3 f4 24. Re4 fxg3 25. hxg3 Nd4 26. Rae1 c6 27. Qc1
Bf6 28. Qd1 Nf5 29. Qf3 Bg7 30. Bh3 Nd4 31. Qh1 Qd6 32. c5 Qd5 $4 (32... Qf6
33. Bxd4 $14) 33. Bxd4 {Source: G H James via Brian Denman, contributed 21
July 2021} 1-0

[Event "Lloyds Bank Masters 2nd"]
[Site "London, Cumberland Hotel"]
[Date "1978.08.27"]
[Round "5.29"]
[White "Hodgson, Julian M"]
[Black "Van Baarle, C John"]
[Result "1-0"]
[WhiteElo "2265"]
[BlackElo "2335"]
[PlyCount "57"]
[EventDate "1978.08.24"]
[EventType "swiss"]
[EventRounds "10"]
[EventCountry "ENG"]
[SourceTitle "BritBase"]
[Source "John Saunders"]
[SourceDate "2023.12.16"]
[SourceVersion "1"]
[SourceVersionDate "2023.12.16"]
[SourceQuality "1"]

1. e4 c5 2. f4 Nc6 3. Nf3 e6 4. Nc3 Nf6 5. Bb5 Nd4 6. e5 Nxb5 7. Nxb5 Nd5 8. c4
Nxf4 9. d4 Ng6 10. O-O cxd4 11. Ng5 f6 12. exf6 gxf6 13. Ne4 Be7 14. Nbd6+ Bxd6
15. Nxd6+ Ke7 16. Qxd4 Qa5 17. c5 e5 18. Qd5 Qa4 19. Qf7+ Kd8 20. Qxf6+ Kc7 21.
Ne8+ Rxe8 22. Qd6+ Kd8 23. Bg5+ Ne7 24. Bxe7+ Rxe7 25. Rf8+ Re8 26. Rxe8+ Kxe8
27. Qxe5+ Kd8 28. Qf6+ Kc7 29. Qd6+ 1-0

[Event "Lloyds Bank Masters 2nd"]
[Site "London, Cumberland Hotel"]
[Date "1978.08.27"]
[Round "5.33"]
[White "Albrecht, Rainer"]
[Black "Casse, Rey F"]
[Result "1-0"]
[WhiteElo "2120"]
[BlackElo "1985"]
[PlyCount "43"]
[EventDate "1978.08.24"]
[EventType "swiss"]
[EventRounds "10"]
[EventCountry "ENG"]
[SourceTitle "BritBase"]
[Source "John Saunders"]
[SourceDate "2023.12.16"]
[SourceVersion "1"]
[SourceVersionDate "2023.12.16"]
[SourceQuality "1"]

1. e4 c5 2. Nf3 e6 3. d3 d5 4. Nbd2 Nc6 5. g3 Nf6 6. Bg2 Be7 7. O-O O-O 8. Re1
b5 9. e5 Nd7 10. Nf1 Rb8 11. h4 h6 12. N1h2 b4 13. Bf4 Ba6 14. Qd2 Qc7 15. Ng4
h5 16. Nf6+ Bxf6 17. exf6 e5 18. Nxe5 Ncxe5 19. Bxe5 Nxe5 20. Qg5 Ng6 21. Bxd5
gxf6 22. Qxg6+ 1-0